zpět

Detail výsledku týmu

Na Tahu , Olomouc

Datum a čas kvízu

27 Celkem bodů Celkový počet nahraných bodů na tomto kvízu bez doplňovacích otázek.
5. Pořadí na kvízu Konečné umístění týmu na tomto kvízu.

Zaznamenané odpovědi

# Otázka Odpověď Body Výsledky
1. Kvůli volně pohybujícímu se di... los 1
2. Která sopka se v pondělí probu... Etna 1
3. V pondělí byla slavnostně zahá... Jakub Prachař 1
4. Jak se nazývá česká letecká sp... Smartwings 1
5. Jak se jmenují vítězové mužské... Carlos Alcaraz; Coco Gauff 0.5
6. Který slavný muž sepsal na kon... Eukleidés 0
7. Nyní uvidíte krátký úryvek z p... Bible 1
8. Charles Darwin strávil v roce... Galapágy; pěnkavy 0
9. Za půl bodu uveďte, ze kterého... Komunistický manifest (Manifest Komunistické strany); Marx a Engels 0.5
10. Ať už jste či nejste fanoušky... Medek, Pavel a Vladimír 0